000
00307nam a22001337a 4500
082
_a
823
_b
STE/T
100
_a
STEVENSON, ROBERT LOISE
245
_a
TREASURE ISLAND
246
_a
TREASURE ISLAND
_b
TREASURE ISLAND
260
_a
THRISSUR
_b
H& C
_c
2025
300
_a
160
650
_a
ENGLISH STORY
942
_c
BK
999
_c
9145
_d
9145